| 000 | 01258nam a22003617a 4500 | ||
|---|---|---|---|
| 003 | CHAP | ||
| 005 | 20220329143242.0 | ||
| 008 | 070907d1996 mx r 00110 spa d | ||
| 010 | _a93978 | ||
| 011 | _a94950 | ||
| 020 | _a9786074770353 | ||
| 035 | _a105552 | ||
| 040 | _cCHAP | ||
| 082 | 0 | 4 |
_a531.38 _bV43 |
| 100 | 1 |
_aVelasco Belmont, Rosa María. _9118375 |
|
| 245 | 1 | 0 |
_aIntroduccion a la elasticidad _c/por Rosa María Velasco Hernández |
| 260 |
_aMéxico : _bUAM-U-I. División Ciencias Básicas e Ingeniería, _c1975 |
||
| 300 |
_a171 p.: _bfráfs.; cuadros. |
||
| 490 | 0 | _aColección CBI | |
| 590 |
_aBATCH-UPD _b10 _c20130110 _lUCH01 _h1159 |
||
| 590 |
_aBATCH-UPD _b10 _c20130410 _lUCH01 _h0145 |
||
| 590 |
_aBATCH-UPD _b10 _c20130914 _lUCH01 _h1003 |
||
| 590 |
_aCONVERSION _b10 _c20130109 _lUCH01 _h1352 |
||
| 650 | 4 |
_aElasticidad. _936183 |
|
| 650 | 4 |
_aEsfuerzo y tensión. _937678 |
|
| 650 | 4 |
_aResistencia de materiales. _996123 |
|
| 650 | 4 |
_aVariables complejas. _9118139 |
|
| 830 | 0 |
_aColección CBI _924731 |
|
| 901 | _aBK | ||
| 942 | _cLIBRO | ||
| 949 |
_a531.38 V43 _bBC _cLIBRO _d33724002337488 _eLIBRO _gI.c/e _h117067 _i105552 _st _t$40.00 |
||
| 949 |
_a531.38 V43 _bBC _cLIBRO _d33724002337520 _eLIBRO _fc.2 _gI.c/e _h117067 _i105552 _st _t$40.00 |
||
| 999 |
_c93978 _d93978 |
||